Na muške nová revolúcia v platobnom styku

Kryptomeny, na rozdiel od bánk, ponúkajú rýchle a lacné riešenia prevodu hodnôt aj naprieč planétou. Bitcoin sužuje vysoká volatilita, ktorá obchodom pridáva na riziku. Po bitcoine však môže prísť nová generácia digitálnych mien, ktorá môže jeho bolesti vyliečiť. Bank of England otvorila otázku, či...

ver descrição completa

Na minha lista:
Detalhes bibliográficos
Autor principal: Kláseková, Martina
Formato: Capítulo de Livro
Idioma:eslovaco
Assuntos:
Tags: Adicionar Tag
Sem tags, seja o primeiro a adicionar uma tag!

MARC

LEADER 00000naa a2200000 4500
001 0198939
005 20231113102650.5
041 0 |a slo 
044 |a SK 
245 1 0 |a Na muške nová revolúcia v platobnom styku  |c Martina Kláseková 
520 |a Kryptomeny, na rozdiel od bánk, ponúkajú rýchle a lacné riešenia prevodu hodnôt aj naprieč planétou. Bitcoin sužuje vysoká volatilita, ktorá obchodom pridáva na riziku. Po bitcoine však môže prísť nová generácia digitálnych mien, ktorá môže jeho bolesti vyliečiť. Bank of England otvorila otázku, či by nebolo rozumné, aby centrálne banky vydávali vlastnú digitálnu menu. Výhody a nevýhody digitálnych mien. 
610 2 0 |a mena virtuálna 
610 2 0 |a obchod 
610 2 0 |a banky centrálne 
100 1 |a Kláseková, Martina